000 00956nam a2200289 i 4500
001 8765
003 ES-MaACL
005 20230906145526.0
007 t|
008 920928s1992 xxk ||||1| eng d
020 _a0-631-17695-0
080 _a330.191.6(4)
100 1 _aMinc, Alain.
_981313
245 1 4 _aThe Great European illusion
_b: business in the wider community /
_cAlain Minc ; with a foreword by Ronnie Lessem ; translated by Lindsey Jones.
250 _a[1st. ed.].
260 _aOxford ;
_aCambridge :
_bBlackwell,
_c1992.
300 _a257 p. ;
_c24 cm.
490 1 _aDevelopmental management
500 _aIndices.
610 2 7 _aComunidad Económica Europea.
_93130
651 4 _aEuropa-
_xIntegración económica.
_98616
700 1 _aLessem, Ronnie,
_epr.
_9195779
700 1 _aJones, Lindsey,
_etrad.
_9195780
830 0 _aDevelopmental management
_9227998
852 _aES-MaACL
_jL-16050
_bR.120871
999 _c8765
_d8765